000 00417nam a2200145Ia 4500
008 100204s9999 xx 000 0 und d
082 _b13658
100 _aकाळे श्रीपाद
245 _aसमर्पण
260 _b"उदयदीप प्रकाशन , मुंबई"
_c1983
300 _a138
630 _aसमर्पण
730 _aसमर्पण
942 _cBOOK
999 _c458090
_d458087